1078 1987 1590 1681 1398 1644 1200 1861 1164 1593 1019 1101 1737 1376 1702 1672 1909 1281 1975 1176 1030 1477 1287 1817 1432 1699 1795 1235 1853 1330 1663 1335 1660 1070 1578 1005 1066 1840 1821 1806 1066 1705 1304 1391 1551 1713 1723 1786 1664 1016 1102 1850 1504 1523 1346 1578 1833 1273 1222 1295 1386 1987 1055 1492 1628 1961 1530 1901 1500 1359 1752 1258 1218 1722 1196 1213 1024 1692 1973 1799 1692 1332 1569 1256 1655 1916 1551 1992 1705 1210 1729 1483 1624 1833 1358 1197 1390 1271 1762 BCNSPRNW ULIB Ver.6.0+V

เปลี่ยนเป็นภาษาไทย

Change to English
 แสดงรายละเอียดบรรณานุกรม
  กลับหน้าหลัก

Brief Record : Get Marc (ISO 2709) : E-mail record : QR code < ปิดหน้าต่าง
LEADER : 00000nam 2200000uu 4500
001    13399121097
003     ULIB
008    121106s2548||||th 000 0 tha d
020    ^a9749756584(ล.2)
050  4 ^aK245.T5^bส719ค ล.2 2548
110 1  ^aมหาวิทยาลัยสุโขทัยธรรมาธิราช^bสาขาวิชานิติศาสตร์
245 00 ^aเอกสารการสอนชุดวิชา ความรู้เบื้องต้นเกี่ยวกับกฎหมายทั่วไป 8-15=^bGeneral princiles of law /^cสาขาวิชานิติศาสตร์ มหาวิทยาลัยสุโขทัยธรรมาธิราช
246 31 ^aGeneral princiles of law
250    ^aพิมพ์ครั้งที่ 2
260    ^aนนทบุรี:^bศูนย์หนังสือมหาวิทยาลัยสุโขทัยธรรมาธิราช,^c2548
300    ^a324 หน้า
650  7 ^aกฎหมาย
945    ^p0^l0^i24379
995    ^aกัณชพร
999 ^a ใช้งานได้ทุกระบบ
รายการนี้ยังไม่มีแท็ก
คุณยังไม่ได้ล็อกอิน คุณสามารถมีกิจกรรมร่วมกับเว็บไซต์ได้ แต่ต้องล็อกอินก่อน ::
  ล็อกอิน

รายการสื่อสารสนเทศ

ลำดับที่ ประเภท เลขเรียก/บาร์โค้ด สถานที่ สถานะ
1. วิทยาศาสตร์การแพทย์ และสุขภาพ
วิทยาศาสตร์การแพทย์ และสุขภาพ
K245.T5 ส719ค ล.2 2548  
  Barcode: 24379
ห้องสมุดวิทยาเขตสวรรค์ประชารักษ์
►หนังสือทั่วไป
บนชั้น

รายการใกล้เคียง
    หัวเรื่อง [กฎหมาย]

BibComment


ยังไม่เคยถูกคอมเมนท์

คอมเมนท์ทรัพยากรรายการนี้
  คอมเมนท์: เอกสารการสอนชุดว..


 Copyright 2026. Bcnsprnw @Library